00500 a2200145 450000100060000008200170000609000170002310000670004024500540010726000360016130000130019794200270021099900190023795200980025666214 a629.1341 BRA c38503d38503 aSteven A Brandt, John J Bertin, Randall J Stiles, Ray Whitford aIntroduction to Aeronautics: A Design Perspective aVAbAAIA Education seriesc1997 axvi, 391 aNUST-CAEk629.1341 BRA c301287d301287 001040708NFICaCAEbCAEd2017-04-03l0o629.1341 BRApCAEN-820r2017-04-05w2017-04-05yBK